| 000 | 02341nam1a22004811 4500 | ||
|---|---|---|---|
| 001 | RU\NLR\A1\26952 | ||
| 005 | 20260407090956.0 | ||
| 035 | _a(NLR Aleph) 009681239 | ||
| 090 |
_a9702997 _c9702997 |
||
| 100 | _a19990630d1775 m y0rusy50 ca | ||
| 101 | 0 | _arus | |
| 102 | _aRU | ||
| 140 | _ay y ja zzyaa0000 | ||
| 200 | 1 | _aСобрание разных сочинений в стихах и в прозе Михайла Ломоносова | |
| 210 |
_a[Санкт-Петербург] _cпечатано при Императорской Академии наук _d1775 |
||
| 215 | _d8° | ||
| 300 | _aПерепеч. изд. 1751 г. | ||
| 300 | _aЭто изд. составило несколько сотен двухтомных комплектов с остатками тиража вышедшего в 1768 г. т.2 "Собрания разных сочинений в стихах и в прозе... Михайла Ломоносова" | ||
| 300 | _aТираж 600 экз. | ||
| 316 |
_aЭкз. ГМЗРК деф.: отсутствует тит. л. _5ГМЗРК |
||
| 317 |
_aЭкз. НБ Тат из б-ки И.А. Второва _5НБ Тат |
||
| 321 | 1 | _aСК XVIII 3728 | |
| 321 | 1 | _aТюличев. Материалы о некоторых изданиях... С.189 | |
| 463 | 0 |
_1001RU\NLR\A1\26953 _913289754 _p229, [1] с. _tКн. 1 _uhttps://vivaldi.nlr.ru/bx000019288/view |
|
| 600 | 0 |
_aЕлизавета Петровна _cимператрица российская _f1709 - 1762 _91057271 _3RU\NLR\AUTH\66409746 |
|
| 620 | _dСанкт-Петербург | ||
| 700 | 1 |
_4070 _8rus _7ca _aЛомоносов _bМ. В. _f1711-1765 _gМихаил Васильевич _3RU\NLR\AUTH\772859 _9112866 |
|
| 702 | 1 |
_4390 _8rus _7ca _aВторов _bИ. А. _f1772-1844 _gИван Алексеевич _3RU\NLR\AUTH\7792433 _975360 |
|
| 712 | 0 | 2 |
_4610 _aАкадемическая типография _cПетербург _3RU\NLR\AUTH\8815379 _9303965 |
| 801 | 0 |
_aRU _bNLR _c19990630 |
|
| 852 |
_aNLR _j138/3030 |
||
| 852 |
_aNLR _j18.121.5.16 |
||
| 899 | _aКостОУНБ | ||
| 899 | _aБАН | ||
| 899 | _aМГУ | ||
| 899 |
_aГМЗРК _yЭкз. деф. |
||
| 899 | _aГПИБ | ||
| 899 | _aНБ Тат | ||
| 899 | _aРГБ | ||
| 942 | _cBOOK | ||
| 980 | _aNB | ||
| 980 | _aA1XVIIIv | ||